000 00755nam a2200205 a 4500
001 000041941
005 20201002035837.0
008 131017s1998 sp a 000 0 spa d
020 _a8400077911
040 _aDO-SdBNP
_bspa
_cBNPHU
100 1 _aGarcía Valle, Adela
_968855
245 1 4 _aLa Variación nominal en los orígenes del español /
_cAdela García Valle.
260 _aMadrid :
_bCSIC,
_c1998.
300 _a354 p. :
_bil. ;
_c25 cm.
490 1 _aBiblioteca de filología hispánica
_v20
504 _aBibliografía : p. 337-351
504 _aIncluye referencias bibliográficas y notas al pie de las páginas
710 2 _aConsejo Superior de Investigaciones Científicas,
_94786
830 0 _aBiblioteca de filología hispánica
_v20
_967489
999 _c41430
_d41430